000 00234nam a22001097a 4500
003 OSt
008 250104b |||||||| |||| 00| 0 eng d
041 _aeng
100 _aChoudhari Sharma
_96739
245 _aCroploan System
942 _cBK
999 _c18919
_d18919